000 00871nam a2200349Ia 4500
005 20260514124348.0
008 008 261405s9999 xx 000 0 eng d
037 _aThesis
040 _aCRL
040 _beng
040 _cCRL
041 _2eng
041 _aeng
084 _qCRL
100 _aDr.Anuja
_91239574
245 0 _aClinico-Etiological Study of Acquired Pigmentation in Females.
260 _aDelhi
260 _bUniversity of Delhi
260 _c2015
300 _a94p.
502 _bPh.D.
502 _cUniversity of Delhi
502 _d2015
541 _oThesis
650 _aDermatology Venereology and Leprology
700 _aA.K.Mandal
_91239576
700 _aDr.Ram Chander
700 _aDr.Taru Garg,
710 _aDermatology Venereology and Leprology
_91239573
942 _cTH
999 _c1851735
_d1851735